Prefab progress (Record no. 73484)
[ view plain ]
| 000 -LEADER | |
|---|---|
| fixed length control field | 01191cam a2200229 4500 |
| 001 - CONTROL NUMBER | |
| control field | ABS67035 |
| 008 - FIXED-LENGTH DATA ELEMENTS--GENERAL INFORMATION | |
| fixed length control field | 030930n2003 000 0 eng u |
| 035 ## - SYSTEM CONTROL NUMBER | |
| System control number | (Sirsi) u123754 |
| 100 ## - MAIN ENTRY--PERSONAL NAME | |
| Personal name | Roskrow, B. |
| 245 ## - TITLE STATEMENT | |
| Title | Prefab progress |
| 260 ## - PUBLICATION, DISTRIBUTION, ETC. | |
| Date of publication, distribution, etc. | 2003 |
| 490 ## - SERIES STATEMENT | |
| Series statement | House Builder |
| Volume/sequential designation | 62(7) August 2003, 24-25(2) |
| 520 ## - SUMMARY, ETC. | |
| Summary, etc. | Features Westbury Homes' Space4 prefabricated housing system, which is manufactured off-site in a factory. Charts the changes to this modern timber frame process, both in the factory and on-site, from its start in April 2001 to the present and stresses that the process requires precision building. Westbury's factory, which is the largest off-site prefabrication plant in the UK, has the capacity to produce 5 000 houses a year and manufactures for its own use and for other house builders. Production costs are coming into line with traditional build but overall on-site construction times are far shorter. |
| 590 ## - LOCAL NOTE (RLIN) | |
| Local note | ABS |
| 650 ## - SUBJECT ADDED ENTRY--TOPICAL TERM | |
| Topical term or geographic name entry element | TIMBER FRAME CONSTRUCTION |
| 650 ## - SUBJECT ADDED ENTRY--TOPICAL TERM | |
| Topical term or geographic name entry element | SPACE4 |
| 650 ## - SUBJECT ADDED ENTRY--TOPICAL TERM | |
| Topical term or geographic name entry element | PREFABRICATED HOUSING |
| 650 ## - SUBJECT ADDED ENTRY--TOPICAL TERM | |
| Topical term or geographic name entry element | OFF-SITE MANUFACTURING |
| 650 ## - SUBJECT ADDED ENTRY--TOPICAL TERM | |
| Topical term or geographic name entry element | HOUSE BUILDING |
| 690 ## - LOCAL SUBJECT ADDED ENTRY--TOPICAL TERM (OCLC, RLIN) | |
| Topical term or geographic name as entry element | BUILT ENVIRONMENT-CONSTRUCTION DESIGN |
| 942 ## - ADDED ENTRY ELEMENTS (KOHA) | |
| Suppress in OPAC | 0 |
| Withdrawn status | Lost status | Source of classification or shelving scheme | Damaged status | Not for loan | Home library | Current library | Shelving location | Date acquired | Total Checkouts | Full call number | Barcode | Date last seen | Copy number | Price effective from | Koha item type |
|---|---|---|---|---|---|---|---|---|---|---|---|---|---|---|---|
| Dewey Decimal Classification | London | London | Journal article | 30/09/2003 | ABS67035 | 123754-1001 | 06/08/2019 | 1 | 06/08/2019 | Journal article |